[Event "Auburn Hills op"]
[Site "Auburn Hills"]
[Date "2004.04.18"]
[Round "4"]
[White "Imasa, Mark"]
[Black "Gant, Matthew"]
[Result "0-1"]
[WhiteElo "937"]
[BlackElo "1104"]
[PlyCount "94"]
[EventDate "2004.04.17"]
[EventType "swiss"]
[EventRounds "5"]
[EventCountry "USA"]
[SourceTitle "EXT 2008"]
[Source "ChessBase"]
[SourceDate "2007.11.25"]
[SourceVersion "1"]
[SourceVersionDate "2007.11.25"]
[SourceQuality "1"]

1. e4 e5 2. Nf3 Nc6 3. d4 exd4 4. c3 Nf6 5. e5 Nd5 6. cxd4 Be7 7. Bc4 Nb6 8. Bb3 0-0 9. 0-0 Qe8 10. a3 Bd8 11. Bc2 d6 12. Qd3 g6 13. Bh6 Be6 14. b3 Bf5 15. Qe2 Bxc2 16. Qxc2 dxe5 17. Bxf8 Kxf8 18. Re1 Bf6 19. Nc3 Rd8 20. d5 Nxd5 21. Nxd5 Rxd5 22. Qc3 Qe7 23. Qe3 e4 24. Rac1 exf3 25. Qxf3 Re5 26. Red1 Rf5 27. Qd3 Qxa3 28. Qd7 Qb2 29. Kh1 Rxf2 30. Qh3 Kg7 31. Re1 Re2 32. Rf1 Rf2 33. Rb1 Rxf1+ 34. Rxf1 Nd4 35. Qd7 Qe2 36. Rc1 Be5 37. Qd5 Qh5 38. g3 Nf3 39. Rc2 Ne1 40. Rf2 Bf6 41. Qxb7 Qd1 42. Rf1 Qe2 43. Rxe1 Qxe1+ 44. Kg2 Qe2+ 45. Kh3 h5 46. Qxc7 g5 47. g4 Qxg4# 0-1

[Event "Auburn Hills op"]
[Site "Auburn Hills"]
[Date "2004.04.17"]
[Round "5"]
[White "Barksdale, Dalton"]
[Black "Imasa, Mark"]
[Result "1/2-1/2"]
[WhiteElo "1160"]
[BlackElo "937"]
[PlyCount "91"]
[EventDate "2004.04.17"]
[EventType "swiss"]
[EventRounds "5"]
[EventCountry "USA"]
[SourceTitle "EXT 2008"]
[Source "ChessBase"]
[SourceDate "2007.11.25"]
[SourceVersion "1"]
[SourceVersionDate "2007.11.25"]
[SourceQuality "1"]

1. d4 Nf6 2. Nf3 g6 3. e3 Bg7 4. b3 c5 5. Bb2 cxd4 6. exd4 0-0 7. Be2 Nc6 8. 0-0 d5 9. Re1 Qc7 10. Bb5 Ne8 11. Bxc6 bxc6 12. Ba3 Nd6 13. Nbd2 Re8 14. Bxd6 Qxd6 15. c4 c5 16. dxc5 Qxc5 17. Rc1 d4 18. Ne4 Qa3 19. Rc2 Rd8 20. Rd2 e5 21. Ng3 Bg4 22. h3 Bxf3 23. Qxf3 f5 24. Red1 e4 25. Qf4 Rdc8 26. Nf1 a6 27. f3 exf3 28. Qxf3 Re8 29. Qf2 a5 30. Ng3 Bf8 31. Kh1 Bg7 32. Ne2 d3 33. Nf4 Bh6 34. Kg1 Re4 35. Rxd3 Bxf4 36. Rd8+ Rxd8 37. Rxd8+ Kf7 38. Rd7+ Re7 39. Rxe7+ Kxe7 40. Qxf4 Qxa2 41. Qc7+ Kf6 42. Qc6+ Kg5 43. Qa4 Qb1+ 44. Kh2 Qe1 45. c5 f4 46. c6 1/2-1/2